LEADER 01118cam0-22003371i-450- 001 990005688060403321 005 20111017115749.0 035 $a000568806 035 $aFED01000568806 035 $a(Aleph)000568806FED01 035 $a000568806 100 $a19990604g19181919km-y0itay50------ba 101 0 $afre 102 $aFR 105 $ayf------001yy 200 1 $aMémoires de l'Ambassadeur Gerard$fJames W. Gerard 210 $aParis$cPayot$d1918-1919 215 $a2 v., tav.$d23 cm 225 1 $aCollection de mémoires, études et documents pour servir à l?histoire de la guerre mondiale 327 0 $a2.: Face a face avec le Kaiserisme 610 0 $aGuerra mondiale 1914-1918$aGermania$aDiari e memorie 610 0 $aStati Uniti d'America e Germania$aRelazioni diplomatiche$a1914-1918$aDiari e memorie 676 $a940.3$v21$zita 700 1$aGerard,$bJames W.$0218491 801 0$aIT$bUNINA$gRICA$2UNIMARC 901 $aBK 912 $a990005688060403321 952 $a940.3 GER 1 (2)$b9441$fFLFBC 959 $aFLFBC 996 $aMémoires de l'Ambassadeur Gerard$9602007 997 $aUNINA LEADER 01290nam0-2200409---450- 001 990000412090203316 005 20090525102206.0 010 $a88-14-08712-1 035 $a0041209 035 $aUSA010041209 035 $a(ALEPH)000041209USA01 035 $a0041209 100 $a20010423d2001----km-y0itay0103----ba 101 $aita 102 $aIT 105 $a||||||||001yy 200 1 $aLezioni di medicina sociale e delle assicurazioni$fRoberto Malcontenti, Cristian Palmiere 210 $aMilano$cGiuffrè$d2001 215 $aIX, 162 p.$d22 cm 606 0 $aMedicina sociale 606 0 $aMedicina assicurativa 676 $a362.1042 700 1$aMALCONTENTI,$bRoberto$0507037 701 1$aPALMIERE,$bCristian$0542451 801 0$aIT$bsalbc$gISBD 912 $a990000412090203316 951 $aXXVI.1.F 53 (IML 54)$b28804 G.$cXXVI.1.F 53 (IML)$d00072532 959 $aBK 969 $aGIU 979 $aALESSANDRA$b40$c20010423$lUSA01$h1221 979 $aALESSANDRA$b40$c20010423$lUSA01$h1222 979 $c20020403$lUSA01$h1649 979 $aPATRY$b90$c20040406$lUSA01$h1629 979 $aPAOLA$b90$c20080326$lUSA01$h1048 979 $aRSIAV2$b90$c20090525$lUSA01$h1022 996 $aLezioni di medicina sociale e delle assicurazioni$9875050 997 $aUNISA LEADER 01588oam 2200409 a 450 001 9910701452403321 005 20120424113131.0 035 $a(CKB)5470000002418554 035 $a(OCoLC)755064921 035 $a(EXLCZ)995470000002418554 100 $a20110930d2011 ua 0 101 0 $aeng 135 $aurmn||||||||| 181 $ctxt$2rdacontent 182 $cc$2rdamedia 183 $acr$2rdacarrier 200 00$aReview comments on EPA's responsiveness to SAB 2007 recommendations for the revision of cancer assessment of inorganic arsenic$b[electronic resource] /$f[signed] Deborah L. Swackhamer, Elaine Faustman 210 1$a[Washington, D.C.] :$cU. S. Environmental Protection Agency, Office of the Administrator, Science Advisory Board,$d2011. 215 $a1 online resource (29 pages) 300 $aTitle from title screen (viewed on 9/30/11) 606 $aArsenic 606 $aCancer$xRisk factors 606 $aCancer 615 0$aArsenic. 615 0$aCancer$xRisk factors. 615 0$aCancer. 701 $aSwackhamer$b Deborah Liebl$01389701 701 $aFaustman$b Elaine$01407552 712 02$aUnited States.$bEnvironmental Protection Agency.$bOffice of the Administrator. 712 02$aUnited States.$bEnvironmental Protection Agency.$bScience Advisory Board. 801 0$bEJB 801 1$bEJB 801 2$bGPO 906 $aBOOK 912 $a9910701452403321 996 $aReview comments on EPA's responsiveness to SAB 2007 recommendations for the revision of cancer assessment of inorganic arsenic$93489347 997 $aUNINA